01520cam a22003737a 4500003000500000005001700005008004100022010001000063011001000073035001000083040000900093090001000102100003500112245012900147260007600276300003900352502009200391590003700483590004100520590004100561590004100602590004200643650004900685650005100734650003600785650005500821650003200876901000700908905002400915942001000939949005100949999001701000952012901017CHAP20220329142749.0030624d2003 mx ab r 00110 spa d a87430 a88402 a98947 cCHAP aTesis00aAlonso Preciado, Miguel.9459510aEvaluación de los recursos agrícolas suelo y agua en el Valle de Arista, S.L.P. (1953-2000)c/por Miguel Alonso Preciado aUniversidad Autónoma de San Luis Potosí , S.L.P.;bEl autor,c2003. a138 h. ;bilus. ; gráfs. ; mapas aTesis (Maestria en Hidrosistémas Esp. en Ambiental) -- UASLP Facultad de Ingeniería aALEPHb10c20130110lUCH01h1454 aBATCH-UPDb10c20130110lUCH01h0606 aBATCH-UPDb10c20130410lUCH01h0248 aBATCH-UPDb10c20130913lUCH01h2240 aCONVERSIONb10c20130109lUCH01h134814aAguaxAbastecimientozSan Luis Potosi.9227214aAguaxConservaciónzSan Luis Potosí.9234614aPozos para irrigación.99121014aSuelosxConservaciónzSan Luis Potosí.911032514aSuelosxFertilidad.9110367 aBK aMayto Villalobos S. cTESIS aTesisbBCcTESd98947123eTS1h41098i98947st c87430d87430 00102local4051708TESISaBCbBCcPA_TESISd2019-12-31fTESISl0oTesisp98947123r2019-12-31 00:00:00w2019-12-31yTESIS